[Event "3rd Eforie Open"]
[Site "Eforie Nord ROU"]
[Date "2011.06.21"]
[Round "2.1"]
[White "Tiviakov,S"]
[Black "Ionescu,M"]
[Result "1-0"]
[WhiteElo "2622"]
[BlackElo "2340"]

1.e4 e6 2.d4 d5 3.Nd2 Be7 4.Bd3 c5 5.dxc5 Nf6 6.Qe2 Nc6 7.Ngf3 Bxc5 8.O-O O-O
9.e5 Nd7 10.Nb3 Be7 11.c3 Re8 12.Nbd4 Nxd4 13.Nxd4 Nb8 14.Qh5 g6 15.Qg4 Nc6
16.Nf3 f5 17.Qg3 Kg7 18.Be3 Bd7 19.Rad1 Rc8 20.Rfe1 Qa5 21.a3 Qa4 22.c4 dxc4
23.Bxf5 Rcd8 24.Bxg6 hxg6 25.Nh4 Qc2 26.Rd2 Bxh4 27.Qxh4 Qf5 28.Bg5 Nxe5
29.Bxd8 Bc6 30.Bc7 Nf7 31.Qxc4 Qg5  1-0

[Event "25th Open Pula"]
[Site "Pula CRO"]
[Date "2011.06.21"]
[Round "5.1"]
[White "Kovacevic,A"]
[Black "Kovacevic,Bl"]
[Result "1-0"]
[WhiteElo "2575"]
[BlackElo "2474"]

1.e4 e6 2.d4 d5 3.Nd2 a6 4.Ngf3 Nf6 5.e5 Nfd7 6.Bd3 c5 7.c3 Nc6 8.O-O g5
9.Nb3 g4 10.Ng5 Rg8 11.f4 h6 12.Nxf7 Kxf7 13.f5 Ke8 14.fxe6 Ndxe5 15.dxe5 Bxe6
16.Bh7 Rh8 17.Bg6+ Kd7 18.Bf7 Nxe5 19.Bxe6+ Kxe6 20.Bf4  1-0

[Event "25th Open Pula"]
[Site "Pula CRO"]
[Date "2011.06.22"]
[Round "6.4"]
[White "Bellia,F"]
[Black "Tratar,M"]
[Result "1/2-1/2"]
[WhiteElo "2415"]
[BlackElo "2489"]

1.e4 e6 2.d4 d5 3.Nd2 a6 4.Ngf3 c5 5.exd5 exd5 6.dxc5 Bxc5 7.Nb3 Bb6 8.Bd3 Qe7+
9.Qe2 Nc6 10.c3 Bg4  1/2-1/2

[Event "Zonal 2.4"]
[Site "Araruama BRA"]
[Date "2011.06.23"]
[Round "6"]
[White "Nery Junior,J"]
[Black "Guimaraes,W"]
[Result "0-1"]
[WhiteElo "2017"]
[BlackElo "2277"]

1.e4 e6 2.d4 d5 3.Nd2 Nc6 4.c3 Nf6 5.Bd3 e5 6.Ngf3 exd4 7.cxd4 dxe4 8.Nxe4 Bg4
9.O-O Be7 10.Re1 O-O 11.Nxf6+ Bxf6 12.d5 Nd4 13.Be4 Re8 14.Bd2 Qd7 15.Bc3 Nxf3+
16.Bxf3 Rxe1+ 17.Bxe1 Bxf3 18.Qxf3 Bxb2 19.Rb1 Re8 20.Qb3 Bd4 21.Bd2 Qf5
22.Be3 Bxe3 23.fxe3 Qe5 24.Re1 b6 25.Qa4 a5 26.Qc4 h6 27.h3 Qg3 28.Qc3 Re5
29.Rc1 Rxe3 30.Qc4 Re1+ 31.Rxe1 Qxe1+ 32.Kh2 Qe5+ 33.Kh1 g6 34.Qc6 Kg7 35.Qc4 h5
36.Qc6 Qa1+ 37.Kh2 Qxa2 38.Qc3+ Kh7 39.Qxc7 Qxd5 40.Qxb6 a4 41.g4 a3 42.gxh5 Qe5+
43.Kg2 Qb2+  0-1

[Event "4th Karen Asrian Memorial"]
[Site "Jermuk ARM"]
[Date "2011.06.23"]
[Round "8"]
[White "Idani,P"]
[Black "Ulibin,M"]
[Result "1/2-1/2"]
[WhiteElo "2372"]
[BlackElo "2532"]

1.e4 e6 2.d4 d5 3.Nd2 a6 4.Bd3 c5 5.dxc5 Nf6 6.Qe2 Qc7 7.Ngf3 Nbd7 8.exd5 Nxd5
9.Ne4 Nxc5 10.Nxc5 Bxc5 11.O-O Bd6 12.Rd1 O-O 13.c4 Nf4 14.Bxf4 Bxf4 15.Bc2 g6
16.Re1 Rd8 17.Rad1 Bd7 18.g3 Bh6 19.h4 Bg7 20.b3 Rac8 21.Bd3 Be8 22.h5 Qc5
23.hxg6 hxg6 24.Be4 Rxd1 25.Rxd1 Rb8 26.a4 b5 27.cxb5 axb5 28.axb5 Bxb5 29.Bd3 Bc6
30.Be4 Bb5 31.Bd3 Bc6 32.Be4 Bxe4 33.Qxe4 Rxb3 34.Rd8+ Bf8 35.Kg2 Rb2 36.Qd4 Qxd4
37.Nxd4 Kg7 38.Rd7 Kf6 39.Rc7 Rd2 40.Nc2 Bd6 41.Rc4 Bb8 42.Ne3 Ba7 43.Kf3 Bd4
44.Ke4 Ba7 45.Ra4 Bb6 46.Rb4 Bd8 47.f4 Kg7 48.Rb7 Bf6 49.Ng4 Ba1 50.Ra7 Rd1  1/2-1/2

[Event "HSG Open"]
[Site "Hilversum NED"]
[Date "2011.06.24"]
[Round "2"]
[White "Hendrikx,Niels"]
[Black "Nikolic,Pr"]
[Result "1/2-1/2"]
[WhiteElo "2246"]
[BlackElo "2630"]

1.e4 e6 2.d4 d5 3.Nd2 a6 4.Ngf3 c5 5.exd5 exd5 6.dxc5 Bxc5 7.Nb3 Bb6 8.Be2 Nf6
9.O-O O-O 10.Nfd4 Ne4 11.c4 dxc4 12.Bxc4 Nd7 13.Bd3 Ndf6 14.Be3 Re8 15.Nc2 Bc7
16.Bxe4 Nxe4 17.Qxd8 Bxd8 18.Ncd4 Bd7 19.Rac1 Rc8 20.Rxc8 Bxc8 21.Rc1 Be7
22.Bf4 Nf6 23.Re1 Kf8 24.Re5 Rd8 25.Re2 Nd5 26.Be5 f6 27.Bg3 Kf7 28.Kf1 h5
29.h3 Bf8 30.Kg1 g5 31.a3 h4 32.Bh2 Bd7 33.Na5 Rc8 34.Rc2 Rxc2 35.Nxc2 b6
36.Nc4 Bf5 37.N2e3 Nxe3 38.Nxe3 Bd3 39.Nd5 Bc5 40.Bc7 b5 41.Ba5 Be4 42.Bb4 Ba7
43.Nc3 Bc6 44.Ne2 Bd5 45.Bc3 f5 46.Bd4 Bxd4 47.Nxd4 Kf6 48.f4 g4 49.g3 hxg3
50.h4 Kg6 51.Ne2 g2 52.Ng3 a5 53.Kf2 b4 54.axb4 axb4 55.Kg1 Kf6 56.Kf2 Bc6
57.Ne2 b3 58.Nd4 Bd5 59.Ne2 Kg6 60.Ng3 Bf3 61.Kg1 Kf6 62.Kf2 Ke6 63.Kg1 Bc6
64.Kf2 Ba8 65.Kg1 Kd5 66.Kxg2 Kd4+ 67.Kf2 Kd3 68.Nxf5 Ke4 69.Ne3 Kxf4 70.Nc4 g3+
71.Kg1 Kg4 72.Nd2 Bd5 73.Nf1 Kxh4 74.Ne3 Be4 75.Nc4 Kg4 76.Nd2 Bd5 77.Nf1 Kf4
78.Nxg3 Ke3 79.Kf1 Kd2 80.Nf5 Kd3 81.Ke1  1/2-1/2

[Event "4th Sveins Memorial"]
[Site "Oslo NOR"]
[Date "2011.06.24"]
[Round "7"]
[White "Hauge,Lars Oskar"]
[Black "Westerinen,H"]
[Result "1/2-1/2"]
[WhiteElo "2011"]
[BlackElo "2350"]

1.e4 e6 2.d4 d5 3.Nd2 Nc6 4.Ngf3 Nf6 5.Bd3 Nb4 6.O-O Nxd3 7.cxd3 Be7 8.Re1 O-O
9.Nf1 c5 10.e5 Nd7 11.Ng3 b6 12.Bf4 Ba6 13.Qd2 Rc8 14.Nh5 g6 15.Ng3 cxd4
16.Nxd4 Nc5 17.Bh6 Nxd3 18.Re3 Bb4 19.Qd1 Qh4 20.Bxf8 Qxd4 21.Bxb4 Qxb4 22.Rxd3 Bxd3
23.Qxd3 Qxb2 24.Re1 Qxa2 25.Qe3 b5 26.Qf4 a5 27.h4 Qc4 28.Qd2 Qc3 29.Qd1 b4
30.Ne2 Qxe5 31.Nd4 Qf6 32.Nf3 Qc3 33.Nd4 a4 34.Nb5 Qc2 35.Qf3 Qc5 36.Qe2 Rb8
37.h5 Rxb5 38.h6 Qc4 39.Qb2 Qc3 40.Rc1 d4 41.Rxc3 dxc3 42.Qe2 Rh5 43.Qc4 Rxh6
44.Qxb4 c2 45.Qc3 Rh4 46.Qxc2 Rd4 47.Kf1 Kg7 48.Qc3 e5 49.Qc5 Kf6 50.Ke2 h5
51.Ke3 h4 52.f3 Kf5 53.Qe7 f6 54.Qa3 g5 55.Qc3 Kg6 56.Qc2+ Kg7 57.Qc5 Kf7
58.Qc7+ Ke6 59.Qc5 Kf7 60.Qc8 Kg7 61.Qe8 Rf4 62.Qe7+ Kg6 63.Qf8 Rd4 64.Qg8+ Kf5
65.Qf7 Rf4 66.Qh7+ Ke6 67.Qg8+ Kf5 68.Qa2 Kg6  1/2-1/2

[Event "61st ch-RUS HL w"]
[Site "Taganrog RUS"]
[Date "2011.06.24"]
[Round "8"]
[White "Zizlova,S"]
[Black "Balaian,Ali"]
[Result "1-0"]
[WhiteElo "2149"]
[BlackElo "2163"]

1.e4 e6 2.d4 d5 3.Nd2 Be7 4.Ngf3 Nf6 5.Bd3 c5 6.exd5 Nxd5 7.Ne4 cxd4 8.Nxd4 Nf6
9.Be3 e5 10.Nxf6+ Bxf6 11.Nf5 O-O 12.Nd6 Nc6 13.Nxc8 Qxc8 14.c3 Rd8 15.Qc2 g6
16.h4 Qg4 17.h5 Rxd3 18.Qxd3 Rd8 19.Qf1 e4 20.g3 Qf5 21.hxg6 hxg6 22.Rd1 Re8
23.Qh3 Qb5 24.Rd7 Re7 25.Qh7+ Kf8 26.Bh6+ Ke8 27.Rd2 Bd4 28.Rxd4 Nxd4 29.Qh8+ Kd7
30.Qxd4+ Kc8 31.Be3  1-0

[Event "V4 IM/WGM tournament Liptov 2011"]
[Site "Liptovsky Mikulas SVK"]
[Date "2011.06.25"]
[Round "4"]
[White "Lach,A"]
[Black "Barski,R"]
[Result "0-1"]
[WhiteElo "2154"]
[BlackElo "2284"]

1.e4 e6 2.d4 d5 3.Nd2 Be7 4.Ngf3 Nf6 5.e5 Nfd7 6.Bd3 c5 7.c3 Nc6 8.O-O Qb6
9.dxc5 Nxc5 10.Bc2 Nd7 11.Qe2 g5 12.Ba4 g4 13.Ne1 h5 14.Kh1 Qc7 15.f4 a6
16.Bc2 b5 17.Nb3 Bb7 18.Nd4 O-O-O 19.a4 b4 20.Nxc6 Qxc6 21.cxb4 Bxb4 22.Bd2 Bxd2
23.Qxd2 d4 24.Bd1 Kb8 25.b4 Qd5 26.Qd3 Rc8 27.Bb3 Qc6 28.Qxd4 Rhd8 29.Qf2 Qc3
30.Rb1 Nf8 31.b5 a5 32.f5 Rd2 33.Qg3 Qxg3 34.hxg3 Be4 35.Rd1 Rxd1 36.Bxd1 Bxf5
37.Rf2 Rc1 38.Rd2 Ng6 39.Kh2 Nxe5 40.Nc2 Nc4 41.Rd8+ Kc7 42.Rd4 Nb6 43.Ne3 e5
44.Rd2 Be6 45.Bc2 Ra1 46.Bf5 Rxa4 47.Bxe6 fxe6 48.Rc2+ Kb7 49.Rc6 Re4 50.Nd1 Re1
51.Nb2 Rb1 52.Nd3 Rxb5 53.Rxe6 Nc4 54.Re7+ Kc6 55.Re8 Kd5 56.Rd8+ Nd6 57.Nc1 Rb1
58.Na2 Rb3 59.Nc1 Ra3 60.Ne2 a4 61.Ra8 Ke4 62.Rxa4+ Rxa4 63.Nc3+ Kd3 64.Nxa4 e4
65.Nc5+ Kd2 66.Nb3+ Kd1 67.Nc5 e3 68.Na4 Kd2 69.Nc5 e2 70.Nb3+ Kc3 71.Nc1 e1=Q
72.Na2+ Kb2 73.Nc1 Qd2  0-1

[Event "50 years of Lviv Youth Chess School"]
[Site "Lviv UKR"]
[Date "2011.06.25"]
[Round "9"]
[White "Kryvoruchko,Y"]
[Black "Vovk,Y"]
[Result "1-0"]
[WhiteElo "2640"]
[BlackElo "2550"]

1.e4 e6 2.d4 d5 3.Nd2 Be7 4.Bd3 c5 5.dxc5 Nf6 6.Qe2 O-O 7.Ngf3 a5 8.O-O Na6
9.exd5 Nxc5 10.dxe6 Nxd3 11.cxd3 Bxe6 12.Ne4 Nd5 13.Bg5 Bg4 14.Bxe7 Qxe7
15.h3 Bh5 16.Rfe1 Rad8 17.Rad1 Qb4 18.a3 Qb6 19.Ng3 Bg6 20.Ne5 Rfe8 21.Qd2 a4
22.Nxg6 hxg6 23.d4 Nc7 24.Rxe8+ Rxe8 25.d5 Rd8 26.d6 Qb3 27.Ne4 Ne6 28.Rc1  1-0

[Event "XIX Open A"]
[Site "Montcada i Reixac ESP"]
[Date "2011.06.25"]
[Round "1"]
[White "Randazzo,A"]
[Black "Del Rio de Angelis,S"]
[Result "0-1"]
[WhiteElo "2226"]
[BlackElo "2508"]

1.e4 e6 2.d4 d5 3.Nd2 a6 4.Bd3 c5 5.dxc5 Bxc5 6.Ngf3 Nf6 7.O-O Nc6 8.a3 Ba7
9.Qe2 Qc7 10.exd5 Nxd5 11.Nc4 f6 12.g3 e5 13.Ne3 Be6 14.Nxd5 Bxd5 15.Be3 Bxe3
16.Qxe3 O-O-O 17.Be4 Bxe4 18.Qxe4 g6 19.Qc4 Rd6 20.Rfd1 Rhd8 21.Rxd6 Qxd6
22.Re1 Qd5 23.Qxd5 Rxd5 24.Re2 Kd7 25.c3 f5 26.Nd2 e4 27.f4 b5 28.Nf1 Na5
29.Ne3 Rd3 30.Kf2 Nc4 31.g4 Nxe3 32.Rxe3 Rd2+ 33.Re2 Rxe2+ 34.Kxe2 Kd6 35.gxf5 gxf5
36.b3 Kc5 37.Ke3 a5 38.Ke2 a4 39.bxa4 bxa4 40.Kd2 Kc4 41.Kc2 e3 42.h3 h6
43.h4 h5  0-1

[Event "19th Albena Open"]
[Site "Albena BUL"]
[Date "2011.06.26"]
[Round "2.14"]
[White "Carlsson,P"]
[Black "Yordanova,S"]
[Result "1-0"]
[WhiteElo "2497"]
[BlackElo "2137"]

1.e4 e6 2.d4 d5 3.Nd2 Nc6 4.Ngf3 Nf6 5.e5 Nd7 6.c3 f6 7.Bb5 a6 8.Bxc6 bxc6
9.O-O f5 10.Nb3 a5 11.Ng5 Qe7 12.g4 h6 13.Nh3 Qf7 14.g5 a4 15.Nd2 hxg5 16.Nxg5 Qg6
17.Nf3 Be7 18.Kh1 Nb6 19.Rg1 f4 20.Bxf4 Qf5 21.Be3 Ba6 22.b3 Kd7 23.Rg3 Rh5
24.Kg2 Rah8 25.Qd2 Bd3 26.Rh1 axb3 27.axb3 Be4 28.h4 Rxh4 29.Rxh4 Rxh4 30.Nxe4 Qxe4
31.Bg5 Rg4 32.Bxe7 Kxe7 33.Qe3 Qxe3 34.fxe3 Rxg3+ 35.Kxg3 Nc8 36.Kg4 Na7
37.c4 dxc4 38.bxc4 c5 39.Kh5 Nc6 40.Kg6 Na5 41.Nd2 Nc6 42.Nb3 cxd4 43.exd4 Kf8
44.Kg5 Kf7 45.Kf4 Ne7 46.Nc5 Ng6+ 47.Kg5 c6 48.Nb7 Nf8 49.Nd8+ Ke7 50.Nxc6+ Kd7
51.Nb4 Kc7 52.Nd3 Kd7 53.Nc5+ Ke7 54.d5 exd5 55.cxd5 Kf7 56.d6 Ke8 57.Kf5  1-0

[Event "19th Albena Open"]
[Site "Albena BUL"]
[Date "2011.06.27"]
[Round "3.27"]
[White "Berbatov,K"]
[Black "Jordanov,K"]
[Result "1-0"]
[WhiteElo "2490"]
[BlackElo "1796"]

1.e4 e6 2.d4 d5 3.Nd2 Nc6 4.Ngf3 Nf6 5.e5 Nd7 6.Bd3 f6 7.Ng5 Ndxe5 8.dxe5 fxg5
9.Qh5+ Kd7 10.Nf3 g6 11.Qg4 Bg7 12.Bxg5 Qf8 13.O-O-O Ke8 14.Rhe1 Qc5 15.Bf6 Qf8
16.Bxg6+ hxg6 17.Qxg6+ Qf7 18.Qxg7 Qxg7 19.Bxg7 Rg8 20.Bf6 Rxg2 21.Rg1 Rxf2
22.Rg8+ Kf7 23.Rg7+ Kf8 24.Rdg1 Nxe5 25.Be7+  1-0

[Event "6th Dvorkovich Cup"]
[Site "Moscow RUS"]
[Date "2011.06.27"]
[Round "4.16"]
[White "Kostitsina,L"]
[Black "Fataliyeva,U"]
[Result "0-1"]
[WhiteElo "2000"]
[BlackElo "2105"]

1.e4 e6 2.d4 d5 3.Nd2 Be7 4.Bd3 c5 5.dxc5 Nf6 6.Qe2 O-O 7.Ngf3 a5 8.O-O Na6
9.e5 Nd7 10.c3 Naxc5 11.Bc2 b6 12.Re1 Ba6 13.Qe3 f6 14.exf6 Bxf6 15.a4 e5
16.Nf1 e4 17.Nd4 Ne5 18.f3 exf3 19.Nxf3 Nxf3+ 20.gxf3 d4 21.Qd2 Bh4 22.Re5 Rxf3
23.Rf5 Bf2+ 24.Qxf2 Rxf2 25.Rxf2 d3 26.Bd1 Ne4 27.Rg2 Qf6 28.Be3 Rf8 29.Bb3+ Kh8
30.Bd4 Qe7 31.Rxg7 Qxg7+ 32.Bxg7+ Kxg7 33.Rd1 Nf2 34.Rd2 Nh3+ 35.Kg2 Nf4+
36.Kg1 Bb7 37.h4 Ne2+ 38.Kh2 Rf2+ 39.Kh3 Bc8+  0-1

[Event "6th Dvorkovich Cup"]
[Site "Moscow RUS"]
[Date "2011.06.28"]
[Round "5.4"]
[White "Nevioselaya,M"]
[Black "Fataliyeva,U"]
[Result "1/2-1/2"]
[WhiteElo "1983"]
[BlackElo "2105"]

1.e4 e6 2.d4 d5 3.Nd2 Be7 4.Ngf3 Nf6 5.Bd3 c5 6.dxc5 O-O 7.O-O a5 8.Qe2 Na6
9.exd5 exd5 10.Nb3 a4 11.Nbd4 Nxc5 12.Bg5 a3 13.b3 Re8 14.Rfe1 Nce4 15.Bb5 Bd7
16.Bxd7 Qxd7 17.Bxf6 Bxf6 18.Qd3 g5 19.c3 Rac8 20.Rac1 g4 21.Nd2 Bg5 22.Nxe4 dxe4
23.Qb1 Bxc1 24.Qxc1 Qd6 25.Qg5+ Qg6 26.Qb5 Qf6 27.Qb4 b6 28.Nb5 Rcd8 29.c4 Re5
30.Nc7 Qd6 31.Qxd6 Rxd6 32.Nd5 b5 33.Kf1 f5 34.Ke2 bxc4 35.bxc4 Rc6 36.Ne3 f4
37.Nxg4 Rg5 38.f3 h5 39.fxe4 Rxg4 40.Kd3 Rxg2 41.e5 Kf7  1/2-1/2

[Event "6th Dvorkovich Cup"]
[Site "Moscow RUS"]
[Date "2011.06.28"]
[Round "6.10"]
[White "Bortnik,N"]
[Black "Igambergenov,A"]
[Result "0-1"]
[WhiteElo "2302"]
[BlackElo "2255"]

1.e4 e6 2.d4 d5 3.Nd2 Be7 4.Bd3 c5 5.dxc5 Nf6 6.exd5 Qxd5 7.Ngf3 O-O 8.Nb3 Nbd7
9.Be3 Ng4 10.Bd4 Nxc5 11.h3 Nxd3+ 12.Qxd3 Nf6 13.O-O-O a5 14.c4 Qe4 15.Qxe4 Nxe4
16.Rhe1 Ng5 17.Ne5 f6 18.Nd3 a4 19.Nbc5 b6 20.Ne4 Nxe4 21.Rxe4 Bd8 22.c5 e5
23.Be3 bxc5 24.Nxc5 a3 25.b4 Be7 26.Rc4 f5 27.f4 Bf6 28.b5 Rb8 29.Rb4 Bb7
30.Nxb7 Rxb7 31.b6 Rc8+ 32.Kb1 Rc3 33.fxe5 Bxe5 34.Bd4 Bxd4 35.Rdxd4 Rc6
36.Rd8+ Kf7 37.Ra8 Rcxb6 38.Rxb6 Rxb6+ 39.Ka1 Rg6 40.Ra7+ Kf6 41.Ra6+ Ke5
42.Ra5+ Kf4 43.g4 fxg4 44.Ra4+ Kf5 45.hxg4+ Rxg4 46.Ra5+ Kf4 47.Ra4+ Kg5
48.Rxa3 Rg1+ 49.Kb2 Rg2+ 50.Kc1 h5 51.Ra7 g6 52.Ra5+ Kf4 53.Ra4+ Kg3 54.Ra3+ Kh2
55.Kd1 h4 56.Ke1 g5 57.Kf1 g4 58.Ra4 h3 59.Re4 g3 60.Ke1 Rxa2  0-1

[Event "TCh-TUR 2011"]
[Site "Konya TUR"]
[Date "2011.06.29"]
[Round "2"]
[White "Yurtseven,M"]
[Black "Ozgur,Emre"]
[Result "1-0"]
[WhiteElo "2050"]
[BlackElo "1732"]

1.e4 e6 2.d4 d5 3.Nd2 Nc6 4.Ngf3 Nf6 5.e5 Nd7 6.Bd3 Nb4 7.Be2 c5 8.c3 Nc6
9.Nf1 f6 10.exf6 Qxf6 11.Ne3 Bd6 12.O-O O-O 13.Re1 Qf7 14.a3 a5 15.b3 Nb6
16.Bd3 Qh5 17.Nf1 Bd7 18.Ng3 Bxg3 19.hxg3 c4 20.bxc4 dxc4 21.Ng5 Qxd1 22.Bxh7+ Kh8
23.Rxd1 Nd5 24.Bd2 a4 25.f4 Na5 26.Kf2 Nb3 27.Ra2 Nxd2 28.Raxd2 Nxc3 29.Rh1 Rf6
30.Rc2 Nb5 31.Rxc4 Rh6 32.Rcc1 Rc8 33.Rxc8+ Bxc8 34.Rc1 Bd7 35.Be4 Nd6 36.Bxb7 Rf6
37.Rc7 Bb5 38.Bc6 Bxc6 39.Rxc6 e5 40.Rxd6  1-0

[Event "39th World Open"]
[Site "Philadelphia USA"]
[Date "2011.07.01"]
[Round "2"]
[White "Smirin,I"]
[Black "Holt,C"]
[Result "1/2-1/2"]
[WhiteElo "2661"]
[BlackElo "2417"]

1.e4 e6 2.d4 d5 3.Nd2 Be7 4.Ngf3 Nf6 5.e5 Nfd7 6.Bd3 c5 7.c3 Nc6 8.O-O a5
9.Qe2 cxd4 10.cxd4 Qb6 11.Qe3 g5 12.h3 h5 13.g4 hxg4 14.hxg4 Nf8 15.Rd1 Bd7
16.Nf1 f5 17.exf6 Bxf6 18.Ng3 O-O-O 19.Nh5 Bxd4 20.Nxd4 Nxd4 21.Bd2 e5 22.Rac1+ Bc6
23.Bf5+ Nd7 24.Bxd7+ Rxd7 25.Bc3 Rf8 26.Bxd4 exd4 27.Qxd4 Qxd4 28.Rxd4 Rdf7
29.Rc2 Kd7 30.Rcd2 Ke6 31.Ng3 Rf4 32.Nf5 Ke5 33.Re2+ Re4 34.Rdxe4+ dxe4 35.Rc2 Kf4
36.Ne3 Bd7 37.Rc5 Bxg4 38.Ng2+ Kf3 39.Kf1 e3 40.Nxe3 Bh3+ 41.Ke1 g4 42.Rf5+ Rxf5
43.Nxf5 Kf4 44.Nd6 Bg2 45.Nc4  1/2-1/2

[Event "19th Albena Open"]
[Site "Albena BUL"]
[Date "2011.07.02"]
[Round "8.9"]
[White "Kadric,D"]
[Black "Farago,I"]
[Result "0-1"]
[WhiteElo "2376"]
[BlackElo "2448"]

1.e4 e6 2.d4 d5 3.Nd2 Be7 4.Bd3 c5 5.dxc5 Nf6 6.exd5 Qxd5 7.Ngf3 Nbd7 8.O-O Nxc5
9.Bc4 Qd6 10.b3 b6 11.Bb2 Ncd7 12.Re1 Bb7 13.Qe2 O-O 14.Rad1 Qc6 15.Bb5 Qxc2
16.Ba1 Rad8 17.Nd4 Qg6 18.Bc6 Ba8 19.Bxa8 Rxa8 20.Nxe6 fxe6 21.Qxe6+ Rf7
22.Nf3 Bf8 23.Bxf6 Qxf6 24.Qd5 Rd8 25.Ng5 Qxf2+ 26.Kh1 Qf5 27.Nxf7 Qxf7 28.Qb5 Bc5
29.h3 a6 30.Qc6 Qf2 31.Rf1 Nf8 32.Rxf2 Rxd1+ 33.Kh2 Bxf2 34.Qc4+ Kh8 35.b4 a5
36.Qf7 Bg1+ 37.Kg3 Rd8 38.a3 axb4 39.axb4 Ng6 40.Qf5 Re8 41.Kg4 Rf8 42.Qc2 Bf2
43.g3 Ne5+ 44.Kh4 h6 45.Qe4 Rf4+  0-1

[Event "19th Albena Open"]
[Site "Albena BUL"]
[Date "2011.07.02"]
[Round "8.32"]
[White "Baciu,D"]
[Black "Badev,K"]
[Result "1/2-1/2"]
[WhiteElo "2173"]
[BlackElo "2317"]

1.e4 e6 2.d4 d5 3.Nd2 Nc6 4.Ngf3 Nf6 5.e5 Nd7 6.Nb3 f6 7.exf6 Qxf6 8.Bg5 Qf7
9.c3 Bd6 10.Bh4 h6 11.Bg3 Bxg3 12.hxg3 O-O 13.Be2 a5 14.a4 e5 15.dxe5 Ndxe5
16.O-O Ng4 17.Nh2 Nf6 18.Qc2 Ne5 19.Nd4 c5 20.Nb5 Ne4 21.f4 Nc6 22.g4 h5
23.gxh5 Ng3 24.Rf3 Bf5 25.Bd3 Bxd3 26.Qxd3 Nxh5 27.Raf1 Rad8 28.Ng4 d4 29.f5 c4
30.Qd2 Nf6 31.Nxf6+ Qxf6 32.cxd4 Nxd4 33.Nxd4 Qxd4+ 34.Qxd4 Rxd4 35.Rc1 Rf6
36.Rc2 Rb6 37.Kh2 Kf7 38.Re3 Rb4 39.Rce2 Rd7 40.Ra3 Kf6 41.Kg1 Rd1+ 42.Kh2 Rd3
43.Rxd3 cxd3 44.Rd2 Rd4 45.Kg3 Kxf5 46.Kf3 Rxa4 47.Rxd3 Rf4+ 48.Kg3 Rb4 49.Rd5+ Ke4
50.Rxa5 Rb3+ 51.Kh2 b5 52.Ra7 g5 53.Re7+ Kf4 54.Rf7+ Ke5 55.Rf2 g4 56.Rd2 Ke4
57.Re2+ Kd4 58.Rc2 b4 59.Rd2+ Rd3 60.Rc2 Re3 61.Rc8 Kd3 62.Rc7 Kd4 63.Rc8 b3
64.Rb8 Kc4 65.Rb7 Kd4 66.Rb4+ Kc5 67.Rxg4 Re2 68.Rg5+ Kc4 69.Rg8 Rxb2 70.Rc8+ Kd3
71.Rd8+ Kc2 72.Rc8+ Kd1 73.Rb8 Ke1 74.Kh3 Kf2 75.g4 Rb1 76.Kh4 b2 77.Kg5 Ke2
78.Kg6 Kd2 79.g5  1/2-1/2

[Event "ch-BRU"]
[Site "Bandar Seri Begawan BRU"]
[Date "2011.07.03"]
[Round "2"]
[White "Hj,Azahari Fatanah"]
[Black "Yee Soon Wei"]
[Result "0-1"]
[WhiteElo "1911"]
[BlackElo "2281"]

1.e4 e6 2.d4 d5 3.Nd2 Be7 4.Bd3 c5 5.c3 dxe4 6.Nxe4 cxd4 7.cxd4 Nf6 8.Nc3 O-O
9.Nge2 b6 10.O-O Bb7 11.Bg5 Nc6 12.Bc4 Rc8 13.d5 Nxd5 14.Nxd5 Bxg5 15.Ndf4 Ne5
16.Bb5 Qf6 17.Nh3 Nf3+ 18.Kh1 Qe5 19.Ng3 Nh4 20.Rg1 Qxb5 21.Qg4 h6 22.b3 f5
23.Qh5 f4 24.Nxg5 Qxg5 25.Qxg5 hxg5 26.Nf1 Rc2 27.f3 g4 28.fxg4 Nxg2 29.h3 Nh4+  0-1

[Event "1st ch-CHN Rapid Men Prelim"]
[Site "Hefei CHN"]
[Date "2011.07.03"]
[Round "1.16"]
[White "Hu,Yu"]
[Black "Lou Yiping"]
[Result "0-1"]
[WhiteElo "1720"]
[BlackElo "2431"]

1.e4 e6 2.d4 d5 3.Nd2 a6 4.Ngf3 Nf6 5.Bd3 c5 6.dxc5 Bxc5 7.O-O Nc6 8.exd5 Qxd5
9.Nb3 Ba7 10.Bd2 O-O 11.Bc3 e5 12.Be2 Bf5 13.Nxe5 Nxe5 14.Qxd5 Nxd5 15.Bxe5 Rfe8
16.Bd4 Rxe2 17.Bxa7 Rxa7 18.Nd4 Re5 19.f4 Nxf4 20.Rxf4 Bg6 21.Rd1 h6 22.c3 Ra8
23.Nf3 Re7 24.Re1 Rxe1+ 25.Nxe1 Rd8 26.Rd4 Rxd4 27.cxd4 Be4 28.Kf2 f6 29.Ke3 Bd5
30.a3 Kf7 31.g3 g5 32.Nd3 Ke6 33.Nb4 Bh1 34.g4 f5 35.gxf5+ Kxf5 36.Nd3 h5
37.Nf2 Bd5 38.Nd3 h4 39.Ne5 g4 40.Nd3 g3 41.hxg3 h3 42.Nf2 h2 43.g4+ Kg5
44.b4 h1=Q 45.Nxh1 Bxh1 46.Kd3 Bd5 47.Kc3 b5  0-1

[Event "1st ch-CHN Rap w Prelim"]
[Site "Hefei CHN"]
[Date "2011.07.03"]
[Round "3"]
[White "Wang Yu A"]
[Black "Guo Qi"]
[Result "1/2-1/2"]
[WhiteElo "2399"]
[BlackElo "2368"]

1.e4 e6 2.d4 d5 3.Nd2 Be7 4.Bd3 c5 5.dxc5 Nf6 6.Qe2 Nc6 7.Ngf3 Nb4 8.O-O Nxd3
9.cxd3 Bxc5 10.Nb3 Be7 11.Bf4 O-O 12.Rac1 Qb6 13.Rfe1 Qa6 14.a3 dxe4 15.dxe4 Qxe2
16.Rxe2 Bd7 17.Nc5 Bxc5 18.Rxc5 Rfc8 19.Rxc8+ Rxc8 20.h3 Bb5 21.Re1 Bd3 22.e5 Nd5
23.Rc1 Rxc1+ 24.Bxc1 f6 25.exf6 gxf6 26.Ne1 Bb5 27.f4 Kf7 28.Kf2 e5 29.fxe5 fxe5
30.Nf3 Kf6 31.g4 Bd3 32.Bg5+ Ke6 33.Be3 a6 34.Ng5+ Kf6 35.Nf3 Ke6 36.Ng5+ Kf6
37.Nf3 Ke6 38.Ng5+  1/2-1/2

[Event "ch-BEL"]
[Site "Antwerp BEL"]
[Date "2011.07.04"]
[Round "3.4"]
[White "Popovic,Pe"]
[Black "Meessen,R"]
[Result "1-0"]
[WhiteElo "2489"]
[BlackElo "2291"]

1.e4 e6 2.d4 d5 3.Nd2 Be7 4.e5 c5 5.Qg4 Kf8 6.Ndf3 Nc6 7.Bd3 cxd4 8.Ne2 f5
9.Qg3 Bb4+ 10.Kf1 Bc5 11.a3 a5 12.h4 Nh6 13.Bxh6 gxh6 14.Qf4 Qc7 15.g4 Qf7
16.gxf5 exf5 17.Rg1 Qh5 18.Ng3 Qf7 19.Re1 Ke8 20.e6 Qf8 21.Nxf5 Kd8 22.Rg7 Ne7
23.N3xd4 Ra6 24.Bxa6 bxa6 25.Nc6+ Ke8 26.Qc7 Nxc6 27.Qxc8+ Nd8 28.Qd7+  1-0

[Event "39th TCh-GRE"]
[Site "Eretria GRE"]
[Date "2011.07.04"]
[Round "3.12"]
[White "Kakousatze,I"]
[Black "Savoglou,N"]
[Result "1-0"]
[WhiteElo "2060"]
[BlackElo "2054"]

1.e4 e6 2.d4 d5 3.Nd2 Nc6 4.Ngf3 Nf6 5.e5 Nd7 6.c3 f6 7.Bb5 Be7 8.O-O fxe5
9.dxe5 O-O 10.Re1 Qe8 11.Nf1 a5 12.Ng3 Na7 13.Bd3 Qf7 14.Qc2 g6 15.Qe2 Qg7
16.h4 Rxf3 17.gxf3 Bxh4 18.Kg2 c5 19.Bf4 Nc6 20.Rh1 Bxg3 21.fxg3 Ndxe5 22.Rh2 Nf7
23.Rah1 Bd7 24.Bb1 e5 25.Rxh7 Qxh7 26.Rxh7 Kxh7 27.Qd3 Bf5 28.Qxd5 Kg7 29.Bxf5 gxf5
30.Be3 Rd8 31.Qxc5 Rd7 32.b4 axb4 33.cxb4 Ncd8 34.b5 Ne6 35.Qc4 Nc7 36.a4 Nd5
37.Bf2 Ne7 38.a5  1-0

[Event "39th TCh-GRE"]
[Site "Eretria GRE"]
[Date "2011.07.04"]
[Round "3"]
[White "Skirianoglou,D"]
[Black "Stavrianakis,I"]
[Result "0-1"]
[WhiteElo "2044"]
[BlackElo "2270"]

1.e4 e6 2.d4 d5 3.Nd2 Nc6 4.Ngf3 Nf6 5.e5 Nd7 6.c3 f6 7.exf6 Qxf6 8.Nb3 Bd6
9.Be3 O-O 10.Qc2 e5 11.O-O-O e4 12.Ne1 Bf4 13.g3 Bxe3+ 14.fxe3 Nb6 15.Ng2 Qf3
16.Rg1 Bg4 17.Re1 Qf2 18.Be2 Bf3 19.Nf4 Qxe3+ 20.Qd2 Qxd2+ 21.Kxd2 Bxe2 22.Kxe2 Rae8
23.Nc5 Nd8 24.a4 c6 25.b4 g5 26.Nh5 Re7 27.Rgf1 Ref7 28.a5 Nc4 29.Rxf7 Rxf7
30.Rf1 Rxf1 31.Kxf1 Nd2+ 32.Ke2 Nf3 33.h3 Kf7 34.c4 Nxd4+ 35.Kd2 N4e6 36.Nd7 Ke7
37.Ne5 Nf7 38.Ng4 dxc4 39.Kc3 Nd6 40.Ne5 Nc7 41.Nxc4 Nd5+ 42.Kd4 Nxc4 43.Kxc4 e3
44.Kd3 Kf7 45.g4 Nf4+ 46.Kxe3 Nxh5 47.gxh5 Ke6 48.Ke4 h6 49.Kd4 b6 50.a6 Kf5
51.b5 cxb5 52.Kd5 Kf4 53.Kc6 b4 54.Kb7 b3 55.Kxa7 b2 56.Kb7 b1=Q 57.a7 Qe4+
58.Kb8 b5 59.a8=Q Qxa8+  0-1

[Event "1st ch-CHN Rapid Men Prelim"]
[Site "Hefei CHN"]
[Date "2011.07.04"]
[Round "4.14"]
[White "Hu,Yu"]
[Black "Mu Ke"]
[Result "0-1"]
[WhiteElo "1720"]
[BlackElo "2290"]

1.e4 e6 2.d4 d5 3.Nd2 Nc6 4.Ngf3 Nf6 5.Bd3 Nb4 6.Qe2 Nxd3+ 7.Qxd3 Be7 8.O-O O-O
9.c4 c5 10.dxc5 dxe4 11.Qxd8 Rxd8 12.Ng5 e3 13.fxe3 Bxc5 14.Nb3 Be7 15.Bd2 h6
16.Nf3 Ne4 17.Rad1 Bd7 18.Bc1 Rac8 19.Na5 Rc7 20.Ne5 Be8 21.Rxd8 Bxd8 22.Rf4 f5
23.b4 Bf6 24.Bb2 Bg5 25.Rf3 Nd2 26.Rg3 b6 27.Nb3 Nxc4 28.Nxc4 Rxc4 29.a3 Rc2
30.Be5 Ba4 31.h4 Bxb3 32.hxg5 h5 33.e4 Bc4 34.Rc3 Rxc3 35.Bxc3 fxe4 36.Kf2 Kf7
37.Ke3 Kg6 38.Kf4 h4 39.Be1 Kh5 40.g4+ hxg3 41.Bxg3 e3 42.Be1 e2 43.Bd2 g6
44.Ke5 Kg4 45.Ke4 Kg3 46.Be1+ Kg2 47.Ke3 Kf1 48.Kd2 e5 49.Bg3 a5 50.Be1 axb4
51.axb4 e4 52.Bg3 b5 53.Bh4 e3+ 54.Kxe3 e1=Q+ 55.Bxe1 Kxe1  0-1

[Event "TCh-TUR 2011"]
[Site "Konya TUR"]
[Date "2011.07.04"]
[Round "7"]
[White "Sanal,V"]
[Black "Burcu,C"]
[Result "1-0"]
[WhiteElo "2210"]
[BlackElo "1883"]

1.e4 e6 2.d4 d5 3.Nd2 a6 4.Ngf3 c5 5.exd5 exd5 6.dxc5 Bxc5 7.Nb3 Bb6 8.Bd3 Ne7
9.O-O O-O 10.Re1 Nbc6 11.c3 Qd6 12.Bg5 h6 13.Be3 Bc7 14.Bc5 Qf6 15.Nfd4 Re8
16.Nxc6 bxc6 17.Qf3 Qg5 18.Qe3 Qh5 19.h3 Be6 20.Nd4 Ng6 21.Bxg6 Qxg6 22.Nxc6 Bxh3
23.Qxh3 Qxc6 24.Bd4 Rab8 25.Qg4 g6 26.b3 Bb6 27.Qf4 Bxd4 28.Qxd4 Rec8 29.Re5 Qxc3
30.Re8+  1-0

[Event "ch-BEL Open"]
[Site "Antwerp BEL"]
[Date "2011.07.05"]
[Round "4.20"]
[White "Peleman,T"]
[Black "Lagaert,Lisa"]
[Result "0-1"]
[WhiteElo "2047"]
[BlackElo "1870"]

1.e4 e6 2.d4 d5 3.Nd2 Be7 4.c3 Nf6 5.e5 Nfd7 6.Qg4 Bf8 7.Bd3 c5 8.Ne2 b6
9.O-O Ba6 10.Bxa6 Nxa6 11.Nf4 Nc7 12.Nf3 Nb8 13.Nh5 Kd7 14.Bg5 Qc8 15.Rfd1 c4
16.b3 b5 17.Qf4 Ke8 18.Bh4 h6 19.Qg4 Kd7 20.Nd2 Qa6 21.Nxg7 Rg8 22.Bf6 Bxg7
23.Bxg7 Ne8 24.Ne4 dxe4 25.d5 Rxg7 26.dxe6+ Kc7 27.Qh4 Qxe6 28.Qd8+ Kb7 29.bxc4 Nc6
30.Rd7+ Ka6 31.cxb5+ Kxb5 32.Rb1+ Ka6 33.Rxa7+ Nxa7 34.Qxa8 Qc6  0-1